000 01061nam a2200301 i 4500
001 000021114
003 DO-SdBNP
005 20241001085526.0
007 ta
008 100831s1988 dr a 000 0 spa d
040 _aDO-SdBNP
_bspa
_cBNPHU
_erda
049 _aBNPD
082 _a917.293
_bD632c
_222
100 1 _aDobal, Carlos
_eautor.
_926322
245 1 0 _aComo pudo ser la Isabela /
_cCarlos Dobal.
264 _aSantiago, de los Caballeros :
_bPontificia Universidad Católica Madre y maestra,
_c1988.
300 _a165 páginas :
_bilustraciones ;
_c26 cm.
336 _ardacontent
_btexto
_2txt
337 _ardamedia
_bsin mediación
_2n
338 _brdacarrier
_0volumen
_2nc
490 1 _aDocumentos
500 _aIncluye datos biográficos del autor en la solapa de la cubierta
504 _aIncluye referencias bibliográficas
650 4 _aRepública Dominicana
_xDescripciones y viajes
_986658
650 4 _vRepública Dominicana
_xHistoria, Descubrimiento y conquista,*1492-1503
_986659
830 0 _aDocumentos
_91047
942 _2ddc
_cLBS1
999 _c20616
_d20616